Reformation as decolonization : (Record no. 143464)

MARC details
000 -LEADER
fixed length control field 00619nam a22001817a 4500
005 - DATE AND TIME OF LATEST TRANSACTION
control field 20170817120044.0
010 ## - LCCN (DPL NO)
LC control number ENG-119857
020 ## - INTERNATIONAL STANDARD BOOK NUMBER
International Standard Book Number 9788184655469
Terms of availability 150.00
035 ## - SYSTEM CONTROL NUMBER
System control number EN-103389
037 ## - SOURCE OF ACQUISITION
Source of stock number/acquisition DBAD/PUB
082 ## - DEWEY DECIMAL CLASSIFICATION NUMBER
Classification number 270
100 ## - MAIN ENTRY--PERSONAL NAME
Personal name Mathew,V.M.
245 ## - TITLE STATEMENT
Title Reformation as decolonization :
Statement of responsibility, etc by V.M. Mathew
Remainder of title a posocolonial reading of Josianic reformation in juxtaposition with reformation of the mar Thoma Church /
260 ## - PUBLICATION, DISTRIBUTION, ETC. (IMPRINT)
Place of publication, distribution, etc Kolkata
Name of publisher, distributor, etc ISPCK
Date of publication, distribution, etc 2014
270 ## - ADDRESS
Address 1584,1654,Madarsa Road,Kahmere Gate
City Delhi
Postal code 110006
300 ## - PHYSICAL DESCRIPTION
Extent xxv,107p
Dimensions 21cm.(pbk)
942 ## - ADDED ENTRY ELEMENTS (KOHA)
Source of classification or shelving scheme Dewey Decimal Classification
Item type English Books
Classification part 270
Call number suffix SAT
Holdings
Withdrawn status Lost status Not for loan Collection code Home library Current library Date acquired Source of acquisition Cost, normal purchase price Full call number Barcode Copy number Cost, replacement price Koha item type
      Non-fiction Diz Area Diz Area 17/08/2017 DBAD/PUB 150.00 270 SAT EN-103389 1 150.00 English Books

© Delhi Public Library
Hit Counter
free hit counter